[Event "BL 1415 Werder Bremen - SF Katernberg"]
[Site "?"]
[Date "2015.03.15"]
[Round "13.4"]
[White "Hracek, Zbynek"]
[Black "Ris, Robert"]
[Result "0-1"]
[WhiteElo "2631"]
[BlackElo "2443"]
[PlyCount "124"]
[EventDate "2015.??.??"]

1. c4 c5 2. Nf3 Nc6 3. Nc3 Nf6 4. g3 g6 5. Bg2 Bg7 6. O-O O-O 7. d4 cxd4 8.
Nxd4 Qa5 9. e3 d6 10. Qd2 Bd7 11. b3 Rac8 12. Nce2 Qxd2 13. Bxd2 a6 14. Rac1
Rc7 15. Rfd1 Rb8 16. a4 Be8 17. Be1 b6 18. Nxc6 Bxc6 19. Nc3 Rbc8 20. Bxc6 Rxc6
21. Na2 a5 22. Nc3 Nd7 23. Nb5 Rd8 24. f3 Nc5 25. Rb1 f5 26. Kf2 Kf7 27. Bc3
Bxc3 28. Nxc3 e6 29. e4 fxe4 30. fxe4 Ke7 31. Ke3 Rf8 32. h4 Nd7 33. Nb5 Ne5
34. Rf1 Rcc8 35. Rf4 Rg8 36. Rd1 g5 37. hxg5 Rxg5 38. Rxd6 Rxg3+ 39. Ke2 Rxb3
40. Rxb6 Rb2+ 41. Kf1 Rxc4 42. Rb7+ Nd7 43. Rf2 Rxf2+ 44. Kxf2 Rxe4 45. Na7 Rc4
46. Rb5 Rxa4 47. Nc6+ Kf6 48. Nxa5 Ne5 49. Nb3 Rb4 50. Rxb4 Nd3+ 51. Kf3 Nxb4
52. Ke4 h5 53. Nc5 Nd5 54. Nd7+ Kg5 55. Nf8 Nf4 56. Nh7+ Kg4 57. Nf6+ Kg3 58.
Ke5 h4 59. Ne4+ Kg4 60. Nf6+ Kf3 61. Nh7 Ng6+ 62. Kf6 Nf8 0-1

[Event "BL 1415 Werder Bremen - SF Katernberg"]
[Site "?"]
[Date "2015.03.15"]
[Round "13.5"]
[White "Scholz, Christian Dr"]
[Black "Babula, Vlastimil"]
[Result "0-1"]
[WhiteElo "2367"]
[BlackElo "2545"]
[PlyCount "90"]
[EventDate "2015.??.??"]

1. d4 Nf6 2. c4 e6 3. Nc3 Bb4 4. Qc2 d5 5. a3 Bxc3+ 6. Qxc3 dxc4 7. Qxc4 b6 8.
Nf3 O-O 9. g3 Ba6 10. Qc2 Nbd7 11. Bg2 c5 12. O-O Rc8 13. Qd1 Qe7 14. Re1 Bb7
15. b4 Rfd8 16. Qa4 cxd4 17. Qxa7 Bd5 18. Bf4 Ne4 19. Rac1 Nc3 20. Ne5 Bxg2 21.
Kxg2 Qd6 22. Nxd7 Qc6+ 23. f3 Rxd7 24. Qa6 b5 25. Qxc6 Rxc6 26. Rc2 f6 27. Bc1
Rc4 28. Bb2 Nd1 29. Rxc4 Ne3+ 30. Kf2 Nxc4 31. Bc1 e5 32. Rd1 Kf7 33. Rd3 Ke6
34. Ke1 f5 35. g4 fxg4 36. fxg4 e4 37. Rh3 d3 38. exd3 exd3 39. Bd2 Rd4 40. Kd1
Rxg4 41. Ke1 Rg1+ 42. Kf2 Rd1 43. Bc3 d2 44. Rd3 Rh1 45. Ke2 Re1+ 0-1

[Event "BL 1415 Werder Bremen - SF Katernberg"]
[Site "?"]
[Date "2015.03.15"]
[Round "13.6"]
[White "Bluebaum, Matthias"]
[Black "Hoolt, Sarah"]
[Result "1-0"]
[WhiteElo "2576"]
[BlackElo "2256"]
[PlyCount "43"]
[EventDate "2015.??.??"]

1. d4 Nf6 2. c4 e6 3. Nf3 c5 4. d5 b5 5. e4 Nxe4 6. Bd3 Nd6 7. cxb5 Bb7 8. Nc3
a6 9. b6 Be7 10. O-O exd5 11. Bf4 O-O 12. Nxd5 Bxd5 13. Bxh7+ Kxh7 14. Qxd5
Qxb6 15. Rae1 Nc8 16. Qxa8 Nc6 17. Ne5 Nxe5 18. Bxe5 Bf6 19. Qf3 Bxe5 20. Rxe5
Qxb2 21. Rxc5 Kg8 22. Qc3 1-0

[Event "BL 1415 Werder Bremen - SF Katernberg"]
[Site "?"]
[Date "2015.03.15"]
[Round "13.7"]
[White "Thesing, Matthias"]
[Black "Markgraf, Alexander"]
[Result "0-1"]
[WhiteElo "2321"]
[BlackElo "2498"]
[PlyCount "96"]
[EventDate "2015.??.??"]

1. e4 c5 2. Nc3 Nc6 3. Bb5 Nd4 4. Nf3 e6 5. O-O a6 6. Bd3 Nxf3+ 7. Qxf3 Qc7 8.
b3 Bd6 9. g3 Be5 10. a4 b6 11. Ba3 Bb7 12. Rae1 Nf6 13. Qe2 O-O 14. Nd1 Rfe8
15. Bb2 d5 16. Bxe5 Qxe5 17. f3 dxe4 18. fxe4 Red8 19. Nf2 h5 20. Qe3 Bc6 21.
Qf4 Nd7 22. Re2 b5 23. a5 Ra7 24. c3 Qxf4 25. gxf4 c4 26. Bc2 e5 27. d4 cxd3
28. Nxd3 Rc7 29. fxe5 Bb7 30. c4 bxc4 31. bxc4 Re8 32. Ba4 Bc6 33. Bb3 Nxe5 34.
Nc5 Ra7 35. Ba2 Ba8 36. Na4 Re6 37. Nb6 Rg6+ 38. Kf2 Bc6 39. Rd1 h4 40. Ke3 Re7
41. Rd8+ Kh7 42. Nd5 Rb7 43. Ra8 Bd7 44. Nb6 h3 45. c5 Bb5 46. Rc2 Rg2 47. Bb3
Ng4+ 48. Kf4 g5+ 0-1

[Event "BL 1415 Werder Bremen - SF Katernberg"]
[Site "?"]
[Date "2015.03.15"]
[Round "13.8"]
[White "Meins, Gerlef"]
[Black "Heinz, Timothee"]
[Result "1/2-1/2"]
[WhiteElo "2442"]
[BlackElo "2365"]
[PlyCount "41"]
[EventDate "2015.??.??"]

1. d4 d5 2. c4 c6 3. Nc3 Nf6 4. cxd5 cxd5 5. Bf4 Qb6 6. e3 Bf5 7. Bb5+ Nc6 8.
Nf3 e6 9. O-O Bb4 10. Ne5 Bxc3 11. Bxc6+ bxc6 12. bxc3 h6 13. g4 Bh7 14. c4 O-O
15. c5 Qa6 16. f3 Rfb8 17. Rf2 Rb7 18. Qf1 Qa4 19. Qd1 Qa6 20. Qf1 Qa4 21. Qd1
1/2-1/2

[Event "BL 1415 Turm Emsdetten - Hansa Dortmund"]
[Site "?"]
[Date "2015.03.15"]
[Round "13.1"]
[White "Donchenko, Alexander"]
[Black "Swiercz, Dariusz"]
[Result "1/2-1/2"]
[WhiteElo "2569"]
[BlackElo "2622"]
[PlyCount "92"]
[EventDate "2015.??.??"]

1. Nf3 Nf6 2. c4 g6 3. Nc3 d5 4. cxd5 Nxd5 5. g3 Bg7 6. Bg2 O-O 7. O-O Nxc3 8.
bxc3 c5 9. Rb1 Nc6 10. Qa4 Qc7 11. Ng5 Bd7 12. Qh4 h6 13. Nf3 g5 14. Qe4 Rad8
15. d4 Qc8 16. Rb3 Be6 17. Rb5 Bd5 18. Qc2 g4 19. Nh4 Bxg2 20. Kxg2 Nxd4 21.
cxd4 Qc6+ 22. d5 Qxb5 23. Nf5 e6 24. Nxh6+ Kh8 25. Qe4 Qb4 26. Qxb4 cxb4 27.
dxe6 fxe6 28. Nxg4 Rf5 29. Bf4 Rc5 30. Rb1 a5 31. h4 Kh7 32. e4 Rc2 33. a3 Bc3
34. Bc7 Ra8 35. axb4 axb4 36. Bd6 Ra6 37. e5 Rb6 38. Nf6+ Kh8 39. Nd7 Rb5 40.
Nc5 Bd4 41. Nxe6 Rxf2+ 42. Kh3 Bxe5 43. Nc7 Ra5 44. Bxe5+ Rxe5 45. Rxb4 Kh7 46.
Rb6 Re7 1/2-1/2

[Event "BL 1415 Turm Emsdetten - Hansa Dortmund"]
[Site "?"]
[Date "2015.03.15"]
[Round "13.2"]
[White "Spoelman, Wouter"]
[Black "Anton Guijarro, David"]
[Result "1/2-1/2"]
[WhiteElo "2581"]
[BlackElo "2614"]
[PlyCount "113"]
[EventDate "2015.??.??"]

1. d4 f5 2. Nf3 Nf6 3. g3 g6 4. Bg2 Bg7 5. O-O O-O 6. c4 d6 7. Nc3 c6 8. Qb3
Kh8 9. Rd1 Na6 10. Qa3 Nc7 11. d5 c5 12. b4 cxb4 13. Qxb4 Na6 14. Qa3 Bd7 15.
Rb1 Qc7 16. Nd2 Nc5 17. Nb3 Nfe4 18. Nxe4 Nxe4 19. Bxe4 fxe4 20. c5 Bg4 21. Bb2
Rf7 22. Bxg7+ Kxg7 23. Rd4 Kg8 24. f3 Bh3 25. f4 e3 26. Qc1 dxc5 27. Qxc5 Rc8
28. Qxc7 Rxc7 29. Rc1 Rxc1+ 30. Nxc1 e5 31. dxe6 Re7 32. Rd8+ Kg7 33. Nd3 Bxe6
34. Kg2 Bxa2 35. Kf3 b5 36. Ne5 b4 37. Rb8 b3 38. Nc6 Rc7 39. Nd4 Rc3 40. Rb7+
Kf8 41. g4 Rc1 42. f5 gxf5 43. gxf5 a5 44. Ke4 Rc8 45. Nxb3 a4 46. Nd4 Ra8 47.
Kxe3 a3 48. Nc2 Bf7 49. Nxa3 Rxa3+ 50. Kf4 Rh3 51. e4 Rh4+ 52. Kg5 Rxe4 53. Kf6
Bg8 54. Rb8+ Re8 55. Rxe8+ Kxe8 56. Kg7 Bd5 57. Kxh7 1/2-1/2

[Event "BL 1415 Turm Emsdetten - Hansa Dortmund"]
[Site "?"]
[Date "2015.03.15"]
[Round "13.3"]
[White "Markus, Robert"]
[Black "Pruijssers, Roeland"]
[Result "1-0"]
[WhiteElo "2615"]
[BlackElo "2508"]
[PlyCount "77"]
[EventDate "2015.??.??"]

1. d4 f5 2. Nc3 Nf6 3. Bg5 d5 4. e3 e6 5. Nf3 c5 6. Be2 a6 7. O-O cxd4 8. exd4
Be7 9. Re1 Nc6 10. Bf1 Ne4 11. Bxe7 Qxe7 12. Na4 b5 13. Nb6 Rb8 14. Nxc8 Rxc8
15. a4 Rb8 16. axb5 axb5 17. Nd2 O-O 18. f3 Nd6 19. Nb3 f4 20. Qd2 Nc4 21. Bxc4
bxc4 22. Nc5 e5 23. Ra6 Rf6 24. c3 Re8 25. Kh1 Rh6 26. Qf2 Qg5 27. dxe5 Rxe5
28. Rxe5 Qxe5 29. h3 Qe3 30. Kg1 Qc1+ 31. Kh2 Rg6 32. Ra8+ Kf7 33. Nd7 h6 34.
Qc5 Rg5 35. Rf8+ Kg6 36. Qxc6+ Kh7 37. Nf6+ gxf6 38. Qd7+ Kg6 39. Qf7+ 1-0

[Event "BL 1415 Turm Emsdetten - Hansa Dortmund"]
[Site "?"]
[Date "2015.03.15"]
[Round "13.4"]
[White "Van Foreest, Jorden"]
[Black "Heberla, Bartlomiej"]
[Result "1/2-1/2"]
[WhiteElo "2493"]
[BlackElo "2567"]
[PlyCount "84"]
[EventDate "2015.??.??"]

1. e4 e5 2. Nf3 Nf6 3. Nxe5 d6 4. Nf3 Nxe4 5. Nc3 Nf6 6. d4 d5 7. Bd3 Be7 8. h3
O-O 9. O-O Nbd7 10. Ne5 c6 11. f4 c5 12. Be3 cxd4 13. Bxd4 Bc5 14. Bxc5 Nxc5
15. Kh2 Qb6 16. Qf3 Nxd3 17. Qxd3 Qxb2 18. Rfb1 Qa3 19. Nxd5 Qd6 20. Nxf6+ Qxf6
21. Qf3 Rb8 22. a4 Be6 23. a5 Rfd8 24. Qe3 Rdc8 25. c3 Rc7 26. Rb4 Rbc8 27.
Qxa7 Qf5 28. Rc1 h5 29. Qe3 f6 30. Nf3 Bf7 31. Qb6 Rc4 32. Qe3 R4c7 33. Ra4 Qb5
34. Raa1 Qd5 35. Nd4 Re8 36. Qg3 Rec8 37. a6 bxa6 38. Rxa6 Rc4 39. Raa1 Qc5 40.
Qf3 Rxc3 41. Rxc3 Qxc3 42. Ra8 Qc5 1/2-1/2

[Event "BL 1415 Turm Emsdetten - Hansa Dortmund"]
[Site "?"]
[Date "2015.03.15"]
[Round "13.5"]
[White "Hera, Imre Jr"]
[Black "Janssen, Ruud"]
[Result "1-0"]
[WhiteElo "2587"]
[BlackElo "2464"]
[PlyCount "89"]
[EventDate "2015.??.??"]

1. d4 Nf6 2. c4 e6 3. Nf3 b6 4. g3 Ba6 5. Qa4 Be7 6. Bg2 O-O 7. Nc3 c6 8. Bf4
Bb7 9. O-O Nh5 10. Bd2 d5 11. Rac1 a6 12. Qb3 Nd7 13. Ne5 Nhf6 14. Bf4 Nxe5 15.
dxe5 Nd7 16. Rfd1 Rc8 17. cxd5 cxd5 18. e4 dxe4 19. Nxe4 Rxc1 20. Bxc1 Bd5 21.
Qa4 Nxe5 22. Nc3 Bc5 23. Nxd5 exd5 24. b4 b5 25. Qxa6 Bb6 26. Bxd5 Qc7 27. Qxb5
Qc2 28. Rf1 Bxf2+ 29. Rxf2 Qxc1+ 30. Kg2 Qd1 31. Bb3 Qd4 32. Rf4 Qd2+ 33. Rf2
Qd4 34. Qe2 Kh8 35. Rf4 Qd6 36. Re4 f6 37. b5 Rc8 38. a4 Rc1 39. a5 h6 40. a6
Rb1 41. a7 Ra1 42. Qc2 Qd7 43. b6 Qb7 44. Be6 Rc1 45. Qa4 1-0

[Event "BL 1415 Turm Emsdetten - Hansa Dortmund"]
[Site "?"]
[Date "2015.03.15"]
[Round "13.6"]
[White "Zumsande, Martin"]
[Black "Berg, Emanuel"]
[Result "0-1"]
[WhiteElo "2423"]
[BlackElo "2545"]
[PlyCount "78"]
[EventDate "2015.??.??"]

1. e4 c5 2. c3 d5 3. exd5 Nf6 4. Bb5+ Nbd7 5. c4 a6 6. Bxd7+ Qxd7 7. d4 e6 8.
Nf3 exd5 9. O-O dxc4 10. Qe2+ Be7 11. dxc5 O-O 12. Qxc4 Qd5 13. Qxd5 Nxd5 14.
Rd1 Be6 15. Nbd2 Nb4 16. Nd4 Rad8 17. Nxe6 fxe6 18. Rf1 Bxc5 19. Ne4 Bb6 20.
Bg5 Rd4 21. Be3 Rxe4 22. Bxb6 Nd5 23. Bc5 Rc8 24. f3 Re2 25. Rf2 Rxf2 26. Bxf2
Rc2 27. Bd4 Nf4 28. Be5 Nd3 29. Bd4 Nf4 30. Be5 Nd3 31. Bd4 Nxb2 32. g3 Nd3 33.
Rd1 Rc1 34. Rxc1 Nxc1 35. Be3 Nxa2 36. Bd2 b5 37. Kf2 b4 38. Ke2 a5 39. Kd3 a4
0-1

[Event "BL 1415 Turm Emsdetten - Hansa Dortmund"]
[Site "?"]
[Date "2015.03.15"]
[Round "13.7"]
[White "Korpa, Bence"]
[Black "Fiebig, Thomas"]
[Result "1/2-1/2"]
[WhiteElo "2428"]
[BlackElo "2427"]
[PlyCount "101"]
[EventDate "2015.??.??"]

1. c4 e6 2. Nf3 d5 3. g3 Nf6 4. Bg2 Be7 5. O-O O-O 6. d4 c5 7. cxd5 exd5 8. Nc3
Nc6 9. dxc5 Bxc5 10. a3 Re8 11. b4 Be7 12. Bb2 Bg4 13. Rc1 Rc8 14. Re1 Bf8 15.
Na4 Ne4 16. h3 Be6 17. Nd4 Nxd4 18. Qxd4 b6 19. Nc3 Rc4 20. Qd3 Nxc3 21. Bxc3
Qd7 22. Rcd1 Qa4 23. Ba1 a5 24. Bxd5 Bxd5 25. Qxd5 Rce4 26. e3 axb4 27. axb4
Rxb4 28. Bd4 Qa8 29. Qxa8 Rxa8 30. Rb1 Rxb1 31. Rxb1 Bc5 32. Bxc5 bxc5 33. Kg2
Kf8 34. Rb5 Rc8 35. Rb7 g6 36. Kf3 Kg7 37. Ke4 Kf6 38. Rb6+ Ke7 39. g4 Ra8 40.
Ke5 c4 41. Rb7+ Kf8 42. Rc7 Ra2 43. f4 Kg7 44. Rxc4 Rh2 45. f5 gxf5 46. gxf5
Rxh3 47. Rg4+ Kf8 48. e4 Ke7 49. Rg1 f6+ 50. Kd4 Kf7 51. Ra1 1/2-1/2

[Event "BL 1415 Turm Emsdetten - Hansa Dortmund"]
[Site "?"]
[Date "2015.03.15"]
[Round "13.8"]
[White "Richter, Christian"]
[Black "Wegener, Olaf"]
[Result "0-1"]
[WhiteElo "2374"]
[BlackElo "2441"]
[PlyCount "88"]
[EventDate "2015.??.??"]

1. d4 Nf6 2. Nf3 e6 3. c4 b6 4. g3 Ba6 5. Qa4 Bb7 6. Bg2 c5 7. O-O cxd4 8. Nxd4
Bxg2 9. Kxg2 Qc8 10. Nc3 Be7 11. Rd1 O-O 12. Bg5 h6 13. Bxf6 Bxf6 14. Ne4 Be7
15. f3 Rd8 16. Rd2 a6 17. Rad1 Qb7 18. Nc2 b5 19. Qb3 Nc6 20. cxb5 axb5 21. Nd6
Bxd6 22. Rxd6 Na5 23. Qb4 Nc4 24. R6d4 d5 25. Qb3 e5 26. R4d3 d4 27. e3 Rdc8
28. Nb4 Nxe3+ 29. Rxe3 dxe3 30. Qxe3 Rd8 31. Re1 f6 32. a3 Rd6 33. Re2 Rad8 34.
g4 Rd4 35. Kg3 R8d6 36. Rc2 Qd7 37. Qb3+ Kh7 38. Qe3 Kh8 39. h4 Kh7 40. Rc5 Kh8
41. h5 Rc4 42. Rxc4 bxc4 43. Qc5 f5 44. gxf5 Qe7 0-1

[Event "BL 1415 Hamburger SK - SG Turm Trier"]
[Site "?"]
[Date "2015.03.15"]
[Round "13.1"]
[White "Erdos, Viktor"]
[Black "Van Kampen, Robin"]
[Result "1/2-1/2"]
[WhiteElo "2613"]
[BlackElo "2623"]
[PlyCount "91"]
[EventDate "2015.??.??"]

1. Nf3 d5 2. g3 c6 3. Bg2 Bg4 4. c4 e6 5. cxd5 exd5 6. d3 Nf6 7. O-O Nbd7 8. h3
Bxf3 9. Bxf3 Bc5 10. Qc2 O-O 11. Bg2 Re8 12. e3 Qe7 13. Nd2 Nf8 14. Nf3 a5 15.
a3 a4 16. Bd2 Bb6 17. Bb4 Qd8 18. Rab1 Ne6 19. b3 axb3 20. Rxb3 Nd7 21. Rfb1
Qc7 22. d4 Nd8 23. Bf1 Ba5 24. Bd3 g6 25. Kg2 Bxb4 26. axb4 Qd6 27. Rc3 b5 28.
e4 dxe4 29. Bxe4 Ra6 30. Rc1 Re6 31. d5 cxd5 32. Bxd5 Qxd5 33. Rd1 Qb7 34. Rc7
Rac6 35. Rdxd7 Qxc7 36. Rxc7 Rxc2 37. Rxc2 Nc6 38. Ng5 Rd6 39. Ne4 Re6 40. Ng5
Rd6 41. Rc5 Nxb4 42. Rxb5 Nd3 43. Rb8+ Kg7 44. Rb7 Rf6 45. Ne4 Re6 46. Ng5
1/2-1/2

[Event "BL 1415 Hamburger SK - SG Turm Trier"]
[Site "?"]
[Date "2015.03.15"]
[Round "13.2"]
[White "Kravtsiv, Martyn"]
[Black "Lupulescu, Constantin"]
[Result "1/2-1/2"]
[WhiteElo "2565"]
[BlackElo "2631"]
[PlyCount "57"]
[EventDate "2015.??.??"]

1. e4 e6 2. d4 d5 3. Nc3 Nf6 4. e5 Nfd7 5. f4 c5 6. Nf3 Nc6 7. Be3 Be7 8. Qd2
b6 9. Be2 Bb7 10. O-O-O a6 11. f5 Qc7 12. Bf4 cxd4 13. Nxd4 Nxd4 14. Qxd4 O-O-O
15. fxe6 fxe6 16. Bg4 g5 17. Bg3 Qc6 18. Bh5 Nc5 19. Bf2 Rhf8 20. Be3 Nd7 21.
Ne2 Qc7 22. Bg4 Bc5 23. Qc3 Bxe3+ 24. Qxe3 Qxe5 25. Qxe5 Nxe5 26. Bxe6+ Kb8 27.
Nd4 Rf2 28. g4 Nc6 29. Nxc6+ 1/2-1/2

[Event "BL 1415 Hamburger SK - SG Turm Trier"]
[Site "?"]
[Date "2015.03.15"]
[Round "13.3"]
[White "Howell, David W L"]
[Black "Ernst, Sipke"]
[Result "1-0"]
[WhiteElo "2686"]
[BlackElo "2530"]
[PlyCount "91"]
[EventDate "2015.??.??"]

1. e4 e5 2. Nf3 Nc6 3. Bb5 a6 4. Ba4 Nf6 5. O-O Be7 6. Re1 b5 7. Bb3 d6 8. c3
O-O 9. h3 Na5 10. Bc2 c5 11. d4 Qc7 12. Nbd2 Be6 13. Nf1 Rfc8 14. Ne3 cxd4 15.
cxd4 Nc4 16. Nxc4 Bxc4 17. b3 Be6 18. Bd3 exd4 19. Nxd4 Bd7 20. Bb2 Qb7 21. Qf3
Ne8 22. Nf5 Bf8 23. Qg3 Be6 24. Re3 a5 25. Rae1 a4 26. Bb1 axb3 27. axb3 f6 28.
Qh4 Bxf5 29. exf5 d5 30. Re6 Qd7 31. Qg3 Kh8 32. h4 Bb4 33. Rd1 Ba3 34. Bxa3
Rxa3 35. Rde1 Ra7 36. Qe3 Raa8 37. Re7 Qc6 38. Re6 Qd7 39. Re7 Qc6 40. Qg3 Kg8
41. h5 Rab8 42. h6 Rb7 43. Kh2 Kf8 44. hxg7+ Kg8 45. Bd3 b4 46. R7e6 1-0

[Event "BL 1415 Hamburger SK - SG Turm Trier"]
[Site "?"]
[Date "2015.03.15"]
[Round "13.4"]
[White "Svane, Rasmus"]
[Black "Graf, Felix"]
[Result "1-0"]
[WhiteElo "2509"]
[BlackElo "2478"]
[PlyCount "83"]
[EventDate "2015.??.??"]

1. d4 e6 2. c4 b6 3. e4 Bb7 4. Bd3 Nc6 5. Ne2 Nb4 6. Nbc3 Nxd3+ 7. Qxd3 d6 8.
d5 e5 9. O-O Nf6 10. b4 a5 11. bxa5 Rxa5 12. a4 Be7 13. Be3 O-O 14. Nc1 c6 15.
Nb3 Ra8 16. Rfb1 cxd5 17. Nxd5 Nd7 18. Nd2 Ra6 19. Nxb6 Nxb6 20. a5 Nc8 21.
Rxb7 Rxa5 22. Rxa5 Qxa5 23. g3 Bd8 24. Qd5 Qxd5 25. cxd5 f5 26. exf5 Ne7 27.
Ne4 Nxf5 28. Kg2 Be7 29. g4 Nh4+ 30. Kf1 Ng6 31. Rd7 Rd8 32. Rxd8+ Bxd8 33.
Nxd6 Bc7 34. Ne4 h6 35. Ke2 Kf7 36. Kd3 Ke7 37. Ng3 Kf6 38. Kc4 Bd6 39. Ne4+
Ke7 40. Nxd6 Kxd6 41. Bc5+ Kd7 42. Kd3 1-0

[Event "BL 1415 Hamburger SK - SG Turm Trier"]
[Site "?"]
[Date "2015.03.15"]
[Round "13.6"]
[White "Lampert, Jonas"]
[Black "Gonda, Laszlo"]
[Result "1-0"]
[WhiteElo "2452"]
[BlackElo "2556"]
[PlyCount "41"]
[EventDate "2015.??.??"]

1. e4 c5 2. Nf3 e6 3. d4 cxd4 4. Nxd4 a6 5. Bd3 Bc5 6. Nb3 Be7 7. Qg4 g6 8. Qe2
d6 9. a4 Nc6 10. O-O Nf6 11. Nc3 O-O 12. Bh6 Re8 13. Rad1 Qc7 14. Bg5 b6 15. f4
Bb7 16. f5 exf5 17. exf5 d5 18. Bxf6 Bxf6 19. Nxd5 Qd6 20. Nxf6+ Qxf6 21. fxg6
1-0

[Event "BL 1415 Hamburger SK - SG Turm Trier"]
[Site "?"]
[Date "2015.03.15"]
[Round "13.7"]
[White "Jaracz, Pawel"]
[Black "Heinemann, Thies"]
[Result "1/2-1/2"]
[WhiteElo "2507"]
[BlackElo "2465"]
[PlyCount "103"]
[EventDate "2015.??.??"]

1. d4 Nf6 2. c4 e6 3. Nc3 Bb4 4. Qc2 Nc6 5. Nf3 d6 6. Bd2 O-O 7. a3 Bxc3 8.
Bxc3 Qe7 9. e3 a5 10. b3 e5 11. d5 Nd8 12. Rd1 Ne8 13. c5 f5 14. Bc4 Nf7 15.
O-O e4 16. cxd6 Nfxd6 17. Ne5 Nf6 18. Be2 Ng4 19. Qb2 Re8 20. Nc4 Nxc4 21. bxc4
Ra6 22. d6 Rxd6 23. Rxd6 Qxd6 24. Bxg4 fxg4 25. Bxg7 b6 26. Bh8 Re7 27. c5 bxc5
28. Bc3 a4 29. Qb8 Re8 30. Qb5 Bd7 31. Qc4+ Re6 32. Ba1 Kf7 33. Qc3 Bb5 34. Rc1
Qf8 35. Qa5 c6 36. Qc7+ Kg6 37. h3 Rd6 38. hxg4 Rd2 39. Qg3 Rd5 40. Be5 c4 41.
Qh2 Qh6 42. Qg3 Qf8 43. Ra1 Qe7 44. Bd4 Qd6 45. Kh2 Qe7 46. Qb8 Rd8 47. Qf4 Rf8
48. Qg3 Rd8 49. Rh1 c5 50. Bc3 Rd3 51. Rc1 Bd7 52. Qf4 1/2-1/2

[Event "BL 1415 Hamburger SK - SG Turm Trier"]
[Site "?"]
[Date "2015.03.15"]
[Round "13.8"]
[White "Carlstedt, Jonathan"]
[Black "Yankelevich, Lev"]
[Result "0-1"]
[WhiteElo "2475"]
[BlackElo "2386"]
[PlyCount "84"]
[EventDate "2015.??.??"]

1. e4 c5 2. Nf3 d6 3. d4 cxd4 4. Nxd4 Nf6 5. Nc3 g6 6. Be3 Bg7 7. f3 O-O 8. Qd2
Nc6 9. g4 Be6 10. h4 Ne5 11. Be2 Rc8 12. h5 Bc4 13. hxg6 fxg6 14. g5 Nh5 15. f4
Bxe2 16. Qxe2 Nc4 17. Ne6 Qa5 18. Rxh5 gxh5 19. Nxg7 Kxg7 20. Kf2 Nxe3 21. Qxe3
Qc5 22. Qxc5 Rxc5 23. Ke3 h6 24. gxh6+ Kxh6 25. f5 e6 26. fxe6 Re5 27. Rd1 Rxe6
28. Nb5 Rff6 29. Nxa7 Rf5 30. Nc8 d5 31. Nd6 Rff6 32. Kd3 dxe4+ 33. Nxe4 Rf3+
34. Kd4 Rf4 35. Re1 h4 36. Kd5 Re8 37. Re3 Rf5+ 38. Kd4 Rd8+ 39. Kc3 Re5 40. b4
Kg6 41. Rd3 Rxd3+ 42. Kxd3 h3 0-1

[Event "BL 1415 SSC Rostock - SV Hockenheim"]
[Site "?"]
[Date "2015.03.15"]
[Round "13.1"]
[White "Saric, Ivan"]
[Black "Tomczak, Jacek"]
[Result "0-1"]
[WhiteElo "2647"]
[BlackElo "2554"]
[PlyCount "62"]
[EventDate "2015.??.??"]

1. e4 e6 2. d4 d5 3. Nc3 Nf6 4. e5 Nfd7 5. f4 c5 6. Nf3 Be7 7. Be3 O-O 8. dxc5
Bxc5 9. Qd2 Qa5 10. a3 Bb4 11. Nd4 Bxc3 12. bxc3 Nc6 13. Nb3 Qc7 14. Bd3 f6 15.
exf6 Nxf6 16. O-O Bd7 17. Rae1 b6 18. Nd4 Na5 19. Bf2 Rae8 20. Re2 Nc4 21. Qe1
Qc8 22. Bxc4 Qxc4 23. Qa1 Ne4 24. Be1 e5 25. fxe5 Rxf1+ 26. Kxf1 Bg4 27. Nf3
Ng5 28. Bg3 Nxf3 29. gxf3 Bxf3 30. Qe1 Rf8 31. Bf2 Rf4 0-1

[Event "BL 1415 SSC Rostock - SV Hockenheim"]
[Site "?"]
[Date "2015.03.15"]
[Round "13.2"]
[White "Brynell, Stellan"]
[Black "Lenic, Luka"]
[Result "1/2-1/2"]
[WhiteElo "2444"]
[BlackElo "2648"]
[PlyCount "119"]
[EventDate "2015.??.??"]

1. d4 Nf6 2. c4 e6 3. Nf3 b6 4. a3 Bb7 5. Nc3 d5 6. cxd5 Nxd5 7. e3 Be7 8. Bd3
Nxc3 9. bxc3 O-O 10. Qc2 h6 11. Qe2 c5 12. e4 Qc8 13. O-O Ba6 14. Rd1 Bxd3 15.
Rxd3 Nd7 16. Ne1 e5 17. d5 Nf6 18. Rg3 Kh8 19. a4 c4 20. Nc2 Bc5 21. Qf3 Ng8
22. Ne3 Bxe3 23. Bxe3 f5 24. exf5 Qxf5 25. Qe2 Rac8 26. Rf3 Qe4 27. Rxf8 Rxf8
28. Rd1 Rc8 29. f3 Qf5 30. Bf2 Nf6 31. Bh4 Nd7 32. Bg3 a6 33. Re1 Rc5 34. Bxe5
Nxe5 35. Qxe5 Rxd5 36. Qxf5 Rxf5 37. Re4 b5 38. Re6 a5 39. Rc6 b4 40. cxb4 axb4
41. Rxc4 b3 42. Rb4 Ra5 43. h4 h5 44. Kh2 Kh7 45. Kg3 b2 46. Rxb2 Rxa4 47. Rb5
Kh6 48. Re5 Rb4 49. Re6+ Kh7 50. Re4 Rb2 51. Re5 Kh6 52. Kh3 Rb3 53. Rf5 Ra3
54. Rf8 Rb3 55. g4 hxg4+ 56. Kxg4 g6 57. Rh8+ Kg7 58. Ra8 Rb4+ 59. f4 Rb1 60.
Ra7+ 1/2-1/2

[Event "BL 1415 SSC Rostock - SV Hockenheim"]
[Site "?"]
[Date "2015.03.15"]
[Round "13.3"]
[White "Baramidze, David"]
[Black "Szelag, Marcin"]
[Result "1-0"]
[WhiteElo "2593"]
[BlackElo "2441"]
[PlyCount "89"]
[EventDate "2015.??.??"]

1. d4 Nf6 2. c4 g6 3. f3 Bg7 4. e4 O-O 5. Be3 d6 6. Ne2 Nbd7 7. Qd2 c5 8. Nbc3
a6 9. Rd1 b6 10. b3 Rb8 11. a4 cxd4 12. Nxd4 Bb7 13. Be2 e6 14. O-O Rc8 15. Nc2
d5 16. exd5 exd5 17. cxd5 Qc7 18. Bd4 Rfe8 19. Nb4 Nc5 20. Bc4 Qd6 21. Qb2 h5
22. Kh1 h4 23. Nc6 h3 24. gxh3 Bxc6 25. dxc6 Qxc6 26. Qg2 Ne6 27. Bxf6 Bxf6 28.
Nd5 Bd4 29. f4 b5 30. axb5 axb5 31. f5 bxc4 32. fxe6 Rxe6 33. Rxd4 cxb3 34. Qf3
Rc7 35. Nxc7 Qxf3+ 36. Rxf3 Re1+ 37. Kg2 b2 38. Rd8+ Kg7 39. Rb8 b1=Q 40. Ne8+
Kg8 41. Rxb1 Rxb1 42. h4 Rd1 43. h5 Rd8 44. hxg6 fxg6 45. Nc7 1-0

[Event "BL 1415 SSC Rostock - SV Hockenheim"]
[Site "?"]
[Date "2015.03.15"]
[Round "13.4"]
[White "Rudolf, Henrik"]
[Black "Buhmann, Rainer"]
[Result "0-1"]
[WhiteElo "2339"]
[BlackElo "2583"]
[PlyCount "98"]
[EventDate "2015.??.??"]

1. e4 e5 2. Nf3 Nc6 3. Bb5 Nge7 4. c3 g6 5. d4 exd4 6. cxd4 d5 7. exd5 Nxd5 8.
O-O Bg7 9. Re1+ Be6 10. Bg5 Qd6 11. Nc3 O-O 12. Qd2 Rfe8 13. Ne4 Qb4 14. Bxc6
bxc6 15. Rac1 Bf5 16. Nf6+ Bxf6 17. Qxb4 Nxb4 18. Bxf6 Rxe1+ 19. Rxe1 Nd5 20.
Bg5 f6 21. Bd2 Bg4 22. Nh4 Kf7 23. h3 Be6 24. Nf3 Ne7 25. Bb4 Rb8 26. Ba3 Nf5
27. b3 a5 28. g4 Nd6 29. Nd2 Rd8 30. Bc5 Nb5 31. Nf3 Nc3 32. a3 Nd5 33. Kh2 Nf4
34. Re3 g5 35. Kg3 h5 36. Ne1 hxg4 37. hxg4 Rh8 38. f3 Rh3+ 39. Kf2 Rh2+ 40.
Kf1 Rh1+ 41. Kf2 Rh2+ 42. Kf1 Rb2 43. Kg1 Rd2 44. Kf1 Ra2 45. Nd3 Nxd3 46. Rxd3
a4 47. d5 Bxd5 48. Re3 axb3 49. Re7+ Kg6 0-1

[Event "BL 1415 SSC Rostock - SV Hockenheim"]
[Site "?"]
[Date "2015.03.15"]
[Round "13.5"]
[White "Wagner, Dennis"]
[Black "Gruenberg, Hans-Ulrich"]
[Result "1-0"]
[WhiteElo "2549"]
[BlackElo "2371"]
[PlyCount "81"]
[EventDate "2015.??.??"]

1. d4 Nf6 2. c4 g6 3. Nc3 Bg7 4. e4 d6 5. Nf3 O-O 6. Be2 e5 7. Be3 h6 8. d5 Ng4
9. Bc1 f5 10. exf5 gxf5 11. g3 Na6 12. Nh4 Qd7 13. f3 Nf6 14. f4 e4 15. Be3 c5
16. h3 h5 17. Qd2 Nc7 18. O-O-O b5 19. g4 b4 20. Nb1 fxg4 21. f5 Nce8 22. Rdg1
Qf7 23. hxg4 Nxg4 24. Bxg4 hxg4 25. Rxg4 Bxf5 26. Nxf5 Qxf5 27. Rg3 a5 28. Qh2
b3 29. axb3 a4 30. Rg5 Qf1+ 31. Rxf1 Rxf1+ 32. Kd2 Rxb1 33. Qh6 Rf1 34. Qe6+
Kf8 35. bxa4 Rxa4 36. Rf5+ Rxf5 37. Qxf5+ Kg8 38. Qxe4 Kf8 39. Qf5+ Kg8 40. Qc8
Kf8 41. Bf4 1-0

[Event "BL 1415 SSC Rostock - SV Hockenheim"]
[Site "?"]
[Date "2015.03.15"]
[Round "13.6"]
[White "Tomczak, Rafal"]
[Black "Banusz, Tamas"]
[Result "0-1"]
[WhiteElo "2367"]
[BlackElo "2585"]
[PlyCount "76"]
[EventDate "2015.??.??"]

1. e4 e5 2. Nf3 Nc6 3. Bb5 a6 4. Ba4 Nf6 5. d4 exd4 6. e5 Ne4 7. O-O Nc5 8.
Bxc6 dxc6 9. Nxd4 Ne6 10. Be3 Nxd4 11. Bxd4 Bf5 12. c3 Qd5 13. Qb3 Qxb3 14.
axb3 c5 15. Be3 O-O-O 16. Nd2 Be7 17. Nf3 Rd5 18. Ra5 Rhd8 19. h3 h6 20. c4 Rd3
21. Bxc5 Bxc5 22. Rxc5 Rxb3 23. Rc1 Rxb2 24. Rd5 Rxd5 25. cxd5 Rb1 26. Rxb1
Bxb1 27. Nd4 Be4 28. d6 cxd6 29. exd6 Kd7 30. f3 Bg6 31. Kf2 Kxd6 32. Nb3 Kd5
33. Ke3 b6 34. Nd4 b5 35. f4 Be4 36. g4 b4 37. g5 hxg5 38. fxg5 Bg6 0-1